000 00594nam a2200205 i 4500
001 14260
003 ES-MaACL
005 20250830053900.0
007 t|
008 981124s1988 xxu ||||1| eng d
020 _a0-674-56473-1
080 _a23(03)
100 1 _aPelikan, Jaroslav.
_990047
245 1 4 _aThe melody of theology
_b: a philosophical dictionary /
_cJaroslav Pelikan.
260 _aHarvard :
_bUniversity Press,
_c[1988]
300 _aX, 274 p. ;
_c23 cm.
650 1 4 _aTeologĂ­a-
_vDiccionarios
_917458
852 _aES-MaACL
_jL-21528
_bR.118564
999 _c14260
_d14260